| 000 | 00707nam a2200205 4500 | ||
|---|---|---|---|
| 003 | OSt | ||
| 005 | 20221116134445.0 | ||
| 008 | 221111b |||||||| |||| 00| 0 eng d | ||
| 020 | _a978 3 905770 73 5 | ||
| 040 | _cBiblioteca Lado V | ||
| 082 |
_a700.74 _bB588c |
||
| 110 |
_eautor _9422 _aLa Biennale de Venezia |
||
| 245 | _aCitizens and subjects: The Netherlands, for example/ | ||
| 260 |
_aIrlanda _aUSA _aUK _aFrancia _c2007 _bMondriaan Stichting |
||
| 300 |
_a334p. _c17x22cm |
||
| 650 |
_2Tesauro de Arte & Arquitectura _aBIENAL |
||
| 650 |
_2Tesauro de Arte & Arquitectura _aARTE IRLANDES |
||
| 650 |
_2Tesauro de Arte & Arquitectura _aARTE |
||
| 942 |
_2ddc _c1 _h700.74 _iB588c _n0 |
||
| 999 |
_c2635 _d2635 |
||